| 000 | 00780nam a2200301Ia 4500 | ||
|---|---|---|---|
| 005 | 20260401122448.0 | ||
| 008 | 008 250103s9999 xx 000 0 eng d | ||
| 020 | _a9788125041955 | ||
| 037 | _aTB | ||
| 040 | _aEDL | ||
| 040 | _beng | ||
| 040 | _cEDL | ||
| 041 | _2eng | ||
| 041 | _aeng | ||
| 084 | _a394.12CHA | ||
| 084 | _qEDL | ||
| 100 |
_aEdited by Chaudhuri, Supriya | Edited by Chatterjee, Rimli B. _91233700 |
||
| 245 | 4 | _aThe Writrer's Feast : Food and the culture of Representation | |
| 245 | 0 | _cEdited by Chaudhuri, Supriya | Edited by Chatterjee, Rimli B. | |
| 260 | _aDelhi | ||
| 260 | _bOrient Blackswan | ||
| 260 | _c2011 | ||
| 300 | _a238p | ||
| 942 | _cTB | ||
| 942 | _h394.12CHA | ||
| 999 |
_c1847435 _d1847435 |
||